Statistiche per Vincitori Coppa Intercontinentale/Coppa del Mondo per Club

Clicka qui per fare il quiz!

Statistiche generali

  • Questo quiz è stato fatto 47 volte
  • Il punteggio medio è 42 su 60

Statistiche sulle risposte

EdizioneVincitore% Corretto
1960Real Madrid
100%
1998Real Madrid
100%
2018Real Madrid
100%
2017Real Madrid
100%
2016Real Madrid
100%
2002Real Madrid
100%
2014Real Madrid
100%
2010Inter
98%
1964Inter
98%
1965Inter
98%
1999Manchester United
98%
2008Manchester United
98%
2007Milan
98%
1990Milan
98%
1989Milan
98%
1969Milan
98%
2009Barcellona
95%
2011Barcellona
95%
2015Barcellona
95%
1976Bayern Monaco
95%
2001Bayern Monaco
95%
2020Bayern Monaco
95%
2013Bayern Monaco
95%
2021Chelsea
95%
1996Juventus
93%
1985Juventus
93%
2019Liverpool
93%
1977Boca Juniors
88%
2003Boca Juniors
88%
2000Boca Juniors
88%
1986River Plate
86%
1972Ajax
81%
1995Ajax
81%
1987Porto
70%
2004Porto
70%
1962Santos
67%
1963Santos
67%
1981Flamengo
65%
1997Borussia Dortmund
63%
1970Feyenoord
51%
1974Atletico Madrid
47%
2012Corinthians
47%
1991Stella Rossa
47%
1984Independiente
42%
1973Independiente
42%
1993San Paolo
37%
2005San Paolo
37%
1992San Paolo
37%
1983Gremio
30%
1961Peñarol
30%
1966Peñarol
30%
1982Peñarol
30%
1967Racing Club
28%
2006Internacional
26%
1971Nacional
26%
1980Nacional
26%
1988Nacional
26%
1994Vélez Sarsfield
26%
1968Estudiantes
23%
1979Olimpia
9%

Distribuzione punteggi

Percentile per numero di risposta

Percentuale di utenti per punteggio

I tuoi punteggi nel tempo

Non hai fatto questo quiz